| 000 | 00686nam a2200205 a 4500 | ||
|---|---|---|---|
| 001 | BRCA_2745 | ||
| 005 | 20190320203941.0 | ||
| 008 | 041208s1961-------a---###---#000-0#eng-u | ||
| 050 | 4 |
_aF1235 _b.L67 1961 |
|
| 100 | 1 |
_aLopez Mateos, Adolfo _d1910-1969 _97735 |
|
| 245 | 1 | 0 |
_aAddress by Adolfo Lopez Mateos, President of México, on June 7, 1961, to newspapermen and editors celebrating Freedom of the Press Day _cAdolfo Lopez Mateos. |
| 260 |
_as. l. _bs. e. _c1961 |
||
| 300 |
_a10 p. _bil. _c23 cm. |
||
| 500 | _aAA68 | ||
| 600 | 1 | 4 |
_aLopez Mateos, Adolfo _d1910-1969 _97735 |
| 650 | 1 | 4 |
_aPrensa _97736 |
| 651 | 4 |
_aMéxico _xHistoria _y1946-1990 _97737 |
|
| 902 | _aGFM | ||
| 942 |
_2lcc _cB |
||
| 999 |
_c2485 _d2485 |
||